[Event "Olympiad Women-45"]
[Site "Budapest"]
[Date "2024.09.15"]
[Round "5.34"]
[White "Trajkovska, Sanja"]
[Black "Boshra, Alshaeby"]
[Result "0-1"]
[WhiteElo "1921"]
[BlackElo "1939"]
[PlyCount "104"]
[EventDate "2024.09.11"]
[EventType "team-swiss"]
[EventRounds "11"]
[EventCountry "HUN"]
[SourceTitle "EXT 2025"]
[Source "ChessBase"]
[SourceDate "2024.10.14"]
[SourceVersion "1"]
[SourceVersionDate "2024.10.14"]
[SourceQuality "1"]
[WhiteTeam "North Macedonia (W)"]
[BlackTeam "Jordan (W)"]
[WhiteTeamCountry "MKD"]
[BlackTeamCountry "JOR"]

1. e4 c6 2. d4 d5 3. e5 Bf5 4. h4 h5 5. Bd3 Bxd3 6. Qxd3 Qa5+ 7. Nd2 e6 8. Ngf3 Nh6 9. 0-0 Nf5 10. g3 Qa6 11. c4 c5 12. Qc3 Nc6 13. cxd5 Ncxd4 14. Nxd4 Nxd4 15. Kg2 exd5 16. Nf3 Ne6 17. Bg5 Be7 18. Bxe7 Kxe7 19. Ng5 d4 20. Qd2 Qc6+ 21. Kh2 Rac8 22. Rae1 Nxg5 23. Qxg5+ Kf8 24. Qf5 Rh6 25. e6 Rxe6 26. Qxh5 Kg8 27. Rxe6 Qxe6 28. b3 b6 29. Qf3 Re8 30. a4 Qe2 31. Kg2 Qxf3+ 32. Kxf3 Re6 33. Rd1 Kf8 34. Rd3 Ke7 35. g4 Kd6 36. g5 Kd5 37. h5 c4 38. bxc4+ Kxc4 39. Rd1 d3 40. Kf4 Kc3 41. Rc1+ Kb2 42. Rh1 d2 43. Rd1 Kc2 44. Ra1 d1Q 45. Rxd1 Kxd1 46. Kf5 a6 47. f4 b5 48. axb5 axb5 49. g6 Rf6+ 50. Kg5 fxg6 51. h6 Rf5+ 52. Kxg6 Rxf4 0-1

[Event "EU-Cup (Women) 27th"]
[Site "Durres"]
[Date "2023.10.03"]
[Round "3.4"]
[White "Kalaiyalahan, Akshaya"]
[Black "Trajkovska, Sanja"]
[Result "1-0"]
[WhiteElo "2168"]
[BlackElo "1864"]
[PlyCount "131"]
[EventDate "2023.10.01"]
[EventType "team-swiss"]
[EventRounds "7"]
[EventCountry "ALB"]
[SourceTitle "CBM 216 Extra"]
[Source "ChessBase"]
[SourceDate "2023.11.30"]
[SourceVersion "1"]
[SourceVersionDate "2023.11.30"]
[SourceQuality "1"]
[WhiteTeam "Wood Green (W)"]
[BlackTeam "Kumanovo (W)"]
[WhiteTeamCountry "ENG"]
[BlackTeamCountry "MKD"]

1. Nf3 f5 2. d3 Nc6 3. e4 e5 4. exf5 d5 5. Bg5 Be7 6. Qd2 Bxf5 7. Be2 Nf6 8. 0-0 h6 9. Nh4 Bh7 10. Bxf6 Bxf6 11. Bh5+ g6 12. Nxg6 Bxg6 13. Bxg6+ Ke7 14. c3 Qg8 15. Bh5 Bg5 16. Qe2 Rf8 17. Na3 Kd8 18. b4 Qg7 19. Rae1 Bf6 20. Nc2 Rhg8 21. g3 Ne7 22. Kh1 Ng6 23. Ne3 Qd7 24. Bxg6 Rxg6 25. Qf3 c6 26. b5 Be7 27. Qg2 h5 28. bxc6 bxc6 29. f3 Bc5 30. Nc2 Qg7 31. Rb1 Kc7 32. Nb4 Bb6 33. a4 h4 34. g4 h3 35. Qe2 Kc8 36. c4 dxc4 37. dxc4 Rf4 38. c5 Bc7 39. Qa6+ Kd7 40. Qd3+ Kc8 41. Rfd1 Rd4 42. Qf5+ Kd8 43. Nc2 Rd5 44. Qe4 Qf7 45. Nb4 Rxd1+ 46. Rxd1+ Ke8 47. Nxc6 Kf8 48. Nd8 Qe8 49. Qf5+ Ke7 50. c6 Bd6 51. Nb7 Qxc6 52. Nxd6 Rxd6 53. Qxe5+ Kf7 54. Qf5+ Kg7 55. Qg5+ Kf7 56. Qh5+ Kg7 57. Rf1 Rh6 58. Qe5+ Kf7 59. Qe4 Qa6 60. Re1 Rb6 61. Qh7+ Kf6 62. Qxh3 Qxa4 63. Qh6+ Kf7 64. Qh7+ Kf8 65. Qe7+ Kg8 66. Qe8+ 1-0

[Event "FRM-chT (Women)"]
[Site "Ohrid"]
[Date "2023.08.28"]
[Round "3.3"]
[White "Jovanovska, Tamara"]
[Black "Trajkovska, Sanja"]
[Result "0-1"]
[WhiteElo "1022"]
[BlackElo "1886"]
[PlyCount "54"]
[EventDate "2023.08.26"]
[EventType "team-tourn"]
[EventRounds "7"]
[EventCountry "MKD"]
[SourceTitle "CBM 216 Extra"]
[Source "ChessBase"]
[SourceDate "2023.11.30"]
[SourceVersion "1"]
[SourceVersionDate "2023.11.30"]
[SourceQuality "1"]

1. e4 c5 2. Bc4 e6 3. Nc3 a6 4. Be2 Nc6 5. f4 d5 6. exd5 exd5 7. Bf3 Nf6 8. d3 Nd4 9. Bd2 Be7 10. Nce2 Nxf3+ 11. Nxf3 0-0 12. c3 Bf5 13. Be3 Ng4 14. Qd2 Re8 15. h3 Nxe3 16. Qxe3 Bh4+ 17. Nxh4 Rxe3 18. Nxf5 Rxd3 19. Rc1 Qf6 20. Nfg3 Qh4 21. Kf2 Rxg3 22. Nxg3 Qxf4+ 23. Ke2 Re8+ 24. Kd3 Qxg3+ 25. Kc2 Qg6+ 26. Kd2 Qxg2+ 27. Kd1 Qe2# 0-1

[Event "FRM-chT (Women)"]
[Site "Ohrid"]
[Date "2023.08.26"]
[Round "1.3"]
[White "Cokreva, Gordana"]
[Black "Trajkovska, Sanja"]
[Result "0-1"]
[WhiteElo "1776"]
[BlackElo "1886"]
[PlyCount "56"]
[EventDate "2023.08.26"]
[EventType "team-tourn"]
[EventRounds "7"]
[EventCountry "MKD"]
[SourceTitle "CBM 216 Extra"]
[Source "ChessBase"]
[SourceDate "2023.11.30"]
[SourceVersion "1"]
[SourceVersionDate "2023.11.30"]
[SourceQuality "1"]

1. e4 c5 2. Nc3 d6 3. Bb5+ Bd7 4. Bxd7+ Qxd7 5. Nf3 Nc6 6. 0-0 g6 7. d3 Bg7 8. Bf4 a6 9. Rb1 e6 10. Qd2 b5 11. Rfe1 h6 12. e5 g5 13. Bg3 g4 14. Nh4 dxe5 15. Ne4 Qd5 16. Qe2 h5 17. Qe3 f5 18. Nc3 Qd6 19. Ng6 f4 20. Bxf4 exf4 21. Nxf4 e5 22. Ncd5 Kf7 23. Nb6 exf4 24. Qe4 Nf6 25. Qf5 Nd4 26. Qe5 Qxe5 27. Rxe5 Rab8 28. Nd5 Rhe8 0-1

[Event "FRM-chT (Women)"]
[Site "Struga"]
[Date "2022.10.19"]
[Round "6.3"]
[White "Trajkovska, Sanja"]
[Black "Stojkovska, Monika"]
[Result "0-1"]
[WhiteElo "1960"]
[BlackElo "2050"]
[PlyCount "72"]
[EventDate "2022.10.14"]
[EventType "team-tourn"]
[EventRounds "7"]
[EventCountry "MKD"]
[SourceTitle "CBM 210 Extra"]
[Source "ChessBase"]
[SourceDate "2022.11.30"]
[SourceVersion "1"]
[SourceVersionDate "2022.11.30"]
[SourceQuality "1"]
[WhiteTeam "Kumanovo (W)"]
[BlackTeam "Skopje Alkaloid (W)"]
[WhiteTeamCountry "MKD"]
[BlackTeamCountry "MKD"]

1. e4 e6 2. d4 d5 3. e5 c5 4. c3 Nc6 5. Nf3 Qb6 6. Be2 cxd4 7. cxd4 Nh6 8. Bxh6 Qxb2 9. Nbd2 gxh6 10. 0-0 Nxd4 11. Qa4+ Nc6 12. Rfc1 Qb4 13. Qc2 Bg7 14. Rab1 Qe7 15. Bd3 0-0 16. Bxh7+ Kh8 17. Rb3 Nxe5 18. Nxe5 Bxe5 19. Rh3 Bg7 20. Nf3 e5 21. Bf5 Be6 22. Nh4 Rac8 23. Qd2 Rxc1+ 24. Qxc1 Rc8 25. Qd2 Qc7 26. g4 Qc1+ 27. Qxc1 Rxc1+ 28. Kg2 Kg8 29. Ra3 a6 30. Rb3 b5 31. Ng6 d4 32. Bxe6 fxe6 33. a4 Kf7 34. Nh4 bxa4 35. Ra3 e4 36. Rxa4 d3 0-1

[Event "FRM-chT (Women)"]
[Site "Struga"]
[Date "2022.10.18"]
[Round "5.3"]
[White "Veleva, Teodora"]
[Black "Trajkovska, Sanja"]
[Result "0-1"]
[WhiteElo "1297"]
[BlackElo "1960"]
[PlyCount "42"]
[EventDate "2022.10.14"]
[EventType "team-tourn"]
[EventRounds "7"]
[EventCountry "MKD"]
[SourceTitle "CBM 210 Extra"]
[Source "ChessBase"]
[SourceDate "2022.11.30"]
[SourceVersion "1"]
[SourceVersionDate "2022.11.30"]
[SourceQuality "1"]
[WhiteTeam "Negotino (W)"]
[BlackTeam "Kumanovo (W)"]
[WhiteTeamCountry "MKD"]
[BlackTeamCountry "MKD"]

1. Nf3 c5 2. e4 d6 3. Bb5+ Bd7 4. Bxd7+ Qxd7 5. 0-0 Nc6 6. Nc3 Nf6 7. d3 e5 8. Bg5 Be7 9. Bxf6 gxf6 10. Nd5 0-0-0 11. c3 f5 12. Qb3 Rdg8 13. a4 fxe4 14. dxe4 Rxg2+ 15. Kh1 Rhg8 16. Ne3 Qh3 17. Qxf7 Rf8 18. Qxf8+ Bxf8 19. Nxg2 Qxf3 20. Rae1 Bh6 21. Kg1 Ne7 0-1

[Event "EU-chT (Women) 23rd"]
[Site "Terme Catez"]
[Date "2021.11.19"]
[Round "7.2"]
[White "Machlik, Monika"]
[Black "Trajkovska, Sanja"]
[Result "1-0"]
[WhiteElo "2096"]
[BlackElo "1960"]
[PlyCount "77"]
[EventDate "2021.11.12"]
[EventType "team-swiss"]
[EventRounds "9"]
[EventCountry "SLO"]
[SourceTitle "CBM 205"]
[Source "ChessBase"]
[SourceDate "2021.12.31"]
[SourceVersion "1"]
[SourceVersionDate "2021.12.31"]
[SourceQuality "1"]
[WhiteTeam "Norway (W)"]
[BlackTeam "North Macedonia (W)"]
[WhiteTeamCountry "NOR"]
[BlackTeamCountry "MKD"]

1. d4 d5 2. c4 dxc4 3. e4 b5 4. a4 c6 5. Nf3 Nf6 6. e5 Nd5 7. Be2 e6 8. 0-0 Be7 9. b3 cxb3 10. axb5 cxb5 11. Bxb5+ Bd7 12. Qxb3 Bxb5 13. Qxb5+ Qd7 14. Qd3 Nc6 15. Nc3 Ndb4 16. Qe4 Rd8 17. Rd1 Nd5 18. Ne2 0-0 19. Ng5 Bxg5 20. Bxg5 f6 21. exf6 gxf6 22. Bh6 Rfe8 23. Ra3 Nce7 24. Rg3+ Ng6 25. h4 Kh8 26. h5 f5 27. Qd3 Nf8 28. Rb1 Nf6 29. Bg7+ Qxg7 30. Rxg7 Kxg7 31. Rb7+ N8d7 32. Nf4 Kf7 33. d5 e5 34. Ne6 Nxh5 35. Qxf5+ Nhf6 36. Nxd8+ Rxd8 37. Qxe5 Re8 38. Qf5 Rd8 39. Rxa7 1-0

[Event "EU-chT (Women) 23rd"]
[Site "Terme Catez"]
[Date "2021.11.15"]
[Round "4.8"]
[White "Gaal, Zsoka"]
[Black "Trajkovska, Sanja"]
[Result "1-0"]
[WhiteElo "2336"]
[BlackElo "1960"]
[PlyCount "69"]
[EventDate "2021.11.12"]
[EventType "team-swiss"]
[EventRounds "9"]
[EventCountry "SLO"]
[SourceTitle "CBM 205"]
[Source "ChessBase"]
[SourceDate "2021.12.31"]
[SourceVersion "1"]
[SourceVersionDate "2021.12.31"]
[SourceQuality "1"]
[WhiteTeam "Hungary (W)"]
[BlackTeam "North Macedonia (W)"]
[WhiteTeamCountry "HUN"]
[BlackTeamCountry "MKD"]

1. Nf3 d5 2. g3 Nc6 3. d4 Bf5 4. Bg2 Nb4 5. Na3 e6 6. 0-0 Be7 7. c3 Nc6 8. Qb3 Rb8 9. Ne5 Nxe5 10. dxe5 c6 11. c4 Qc7 12. cxd5 exd5 13. Be3 Qa5 14. Nc2 Bc5 15. Nd4 Ne7 16. Nb5 Qb4 17. Bxc5 Qxc5 18. Nd6+ Kf8 19. Qf3 Be6 20. Nxf7 Kg8 21. Nxh8 Kxh8 22. Qc3 Qb6 23. b4 Qc7 24. Rac1 Rd8 25. Rfd1 Ng6 26. f4 Qb6+ 27. Qd4 Ne7 28. e4 g6 29. Qxb6 axb6 30. exd5 Nxd5 31. b5 c5 32. g4 Rd7 33. f5 gxf5 34. gxf5 Ne3 35. fxe6 1-0

[Event "FRM-chT (Women)"]
[Site "Ohrid"]
[Date "2021.08.27"]
[Round "3.3"]
[White "Zhezhovska, Monika"]
[Black "Trajkovska, Sanja"]
[Result "1-0"]
[WhiteElo "1448"]
[BlackElo "1968"]
[PlyCount "61"]
[EventDate "2021.08.25"]
[EventType "team-tourn"]
[EventRounds "7"]
[EventCountry "MKD"]
[SourceTitle "CBM 204 Extra"]
[Source "ChessBase"]
[SourceDate "2021.11.30"]
[SourceVersion "1"]
[SourceVersionDate "2021.11.30"]
[SourceQuality "1"]
[WhiteTeam "Gambit Asseco See (W)"]
[BlackTeam "Kumanovo (W)"]
[WhiteTeamCountry "MKD"]
[BlackTeamCountry "MKD"]

1. d4 Nf6 2. c4 e6 3. Nc3 d5 4. Bg5 Be7 5. e3 0-0 6. Nf3 dxc4 7. Bxc4 a6 8. a4 Nc6 9. 0-0 Na5 10. Bd3 h6 11. Bh4 b6 12. Rc1 Bb7 13. h3 Nd7 14. Bxe7 Qxe7 15. e4 c5 16. Re1 Rfd8 17. d5 c4 18. Bc2 Nc5 19. Nd4 Qd7 20. Qg4 Nab3 21. Bxb3 cxb3 22. Rcd1 Qe7 23. dxe6 fxe6 24. f4 Qf6 25. e5 Qf7 26. f5 exf5 27. Nxf5 Kh7 28. e6 Qg6 29. Qxg6+ Kxg6 30. Rxd8 Rxd8 31. e7 1-0

[Event "FRM-chT (Women)"]
[Site "Skopje"]
[Date "2019.09.28"]
[Round "1.1"]
[White "Trajkovska, Sanja"]
[Black "Krasteva, Beloslava"]
[Result "0-1"]
[WhiteElo "2013"]
[BlackElo "2286"]
[PlyCount "82"]
[EventDate "2019.09.28"]
[EventType "team-tourn"]
[EventRounds "7"]
[EventCountry "MKD"]
[SourceTitle "EXT 2021"]
[Source "ChessBase"]
[SourceDate "2020.10.23"]
[SourceVersion "1"]
[SourceVersionDate "2020.10.23"]
[SourceQuality "1"]
[WhiteTeam "Kumanovo (W)"]
[BlackTeam "Skopje Gambit Asseko (W)"]
[WhiteTeamCountry "MKD"]
[BlackTeamCountry "MKD"]

1. e4 c5 2. Nf3 d6 3. d4 cxd4 4. Nxd4 Nf6 5. Nc3 a6 6. Bd3 e6 7. 0-0 Nbd7 8. Nb3 b6 9. Bg5 Bb7 10. f3 Be7 11. Re1 0-0 12. Kh1 Qc7 13. a4 h6 14. Be3 Rfd8 15. a5 b5 16. Qd2 Nc5 17. Qf2 Rac8 18. h3 Nfd7 19. Qg3 Kh8 20. Red1 Nxd3 21. cxd3 Nc5 22. Bd4 Bf8 23. Nxc5 dxc5 24. Be5 Qe7 25. h4 Rd7 26. Ne2 f6 27. Nf4 Qf7 28. Ng6+ Kh7 29. Nxf8+ Qxf8 30. Bc3 Rcd8 31. f4 Bxe4 32. Qe3 Bf5 33. d4 b4 34. Be1 Rxd4 35. Rxd4 Rxd4 36. Qe2 Qd6 37. g3 Bd3 38. Qf2 Qc6+ 39. Kh2 Re4 40. Qg2 Re2 41. Bf2 Be4 0-1

[Event "Olympiad Women-35"]
[Site "Bled"]
[Date "2002.11.05"]
[Round "10.3"]
[White "Moncayo Romero, Evelyn"]
[Black "Trajkovska, Sanja"]
[Result "1-0"]
[WhiteElo "2173"]
[BlackElo "2013"]
[PlyCount "83"]
[EventDate "2002.10.26"]
[EventType "team-swiss"]
[EventRounds "14"]
[EventCountry "SLO"]
[SourceTitle "EXT 2003"]
[Source "ChessBase"]
[SourceDate "2002.11.25"]
[SourceVersion "1"]
[SourceVersionDate "2002.11.25"]
[SourceQuality "1"]
[WhiteTeam "Ecuador (W)"]
[BlackTeam "Macedonia (W)"]
[WhiteTeamCountry "ECU"]
[BlackTeamCountry "MKD"]

1. e4 c5 2. Nf3 e6 3. d4 cxd4 4. Nxd4 a6 5. Bd3 Qc7 6. 0-0 Nf6 7. Qe2 d6 8. Be3 b5 9. a4 b4 10. c3 d5 11. exd5 Nxd5 12. cxb4 Bxb4 13. Rc1 Qd7 14. Qg4 0-0 15. Nc3 Bxc3 16. bxc3 Nxe3 17. Qe4 Nf5 18. Nxf5 exf5 19. Qxa8 Qxd3 20. Qxb8 Be6 21. Qb1 Qc4 22. Qb4 Rc8 23. Qxc4 Rxc4 24. Rab1 Kf8 25. Rb4 Ke7 26. Rxc4 Bxc4 27. Rd1 Be6 28. f3 Bd7 29. Rd4 g6 30. Kf2 Bc6 31. Ke3 h5 32. h4 f6 33. g3 g5 34. f4 g4 35. Kd3 Bd7 36. Kc2 Be6 37. c4 Bd7 38. Kb3 Bc6 39. Kb4 Bb7 40. Kc5 Bc8 41. Kb6 Ke8 42. c5 1-0

[Event "EU-ch (Women) 3rd"]
[Site "Varna"]
[Date "2002.06.06"]
[Round "10"]
[White "Johansson, Viktoria"]
[Black "Trajkovska, Sanja"]
[Result "1-0"]
[WhiteElo "2189"]
[BlackElo "2049"]
[PlyCount "87"]
[EventDate "2002.05.27"]
[EventType "swiss"]
[EventRounds "11"]
[EventCountry "BUL"]
[SourceTitle "CBM 088 Extra"]
[Source "ChessBase"]
[SourceDate "2002.07.01"]
[SourceVersion "2"]
[SourceVersionDate "2002.07.01"]
[SourceQuality "1"]

1. d4 d5 2. c4 e6 3. Nf3 Nf6 4. g3 Be7 5. Bg2 0-0 6. 0-0 Nbd7 7. b3 dxc4 8. bxc4 c5 9. e3 Qc7 10. Qb3 Rb8 11. Nc3 a6 12. Rd1 b6 13. d5 exd5 14. cxd5 c4 15. Qc2 b5 16. Nd4 Bb7 17. d6 Bxd6 18. Ndxb5 axb5 19. Nxb5 Qc5 20. Nxd6 Bxg2 21. Kxg2 Qc6+ 22. e4 Nc5 23. Qxc4 Nfxe4 24. Nxe4 Qxe4+ 25. Qxe4 Nxe4 26. a4 Rfc8 27. Be3 Ra8 28. a5 Rc6 29. Bb6 Kf8 30. Rac1 Rxc1 31. Rxc1 Nf6 32. Rc7 Nd5 33. Rd7 Nxb6 34. axb6 g6 35. b7 Rb8 36. Kf3 Kg7 37. Ke4 Kf6 38. Kd5 h5 39. Kd6 Re8 40. Kc7 Ke6 41. Rd3 Kf5 42. b8Q Rxb8 43. Kxb8 Kg4 44. h4 1-0

[Event "EU-ch (Women) 3rd"]
[Site "Varna"]
[Date "2002.06.04"]
[Round "8"]
[White "Ingolfsdottir, Harpa"]
[Black "Trajkovska, Sanja"]
[Result "0-1"]
[WhiteElo "2002"]
[BlackElo "2049"]
[PlyCount "77"]
[EventDate "2002.05.27"]
[EventType "swiss"]
[EventRounds "11"]
[EventCountry "BUL"]
[SourceTitle "CBM 088 Extra"]
[Source "ChessBase"]
[SourceDate "2002.07.01"]
[SourceVersion "2"]
[SourceVersionDate "2002.07.01"]
[SourceQuality "1"]

1. e4 c5 2. Nf3 e6 3. d4 cxd4 4. Nxd4 a6 5. Nc3 Qc7 6. g3 b5 7. Bg2 Bb7 8. 0-0 Nf6 9. Re1 d6 10. Bg5 Be7 11. Bxf6 gxf6 12. Qh5 0-0 13. Bh3 Qc5 14. Nf5 Kh8 15. Qh6 Rg8 16. Nxe7 Rg7 17. Qxf6 Nd7 18. Qf4 Ne5 19. Bg2 Re8 20. Ned5 exd5 21. exd5 b4 22. Ne4 Qxd5 23. Rad1 Qc6 24. Rxd6 Ng6 25. Qd2 Qc7 26. Rd7 Qc6 27. Rd6 Qc7 28. Rd4 Qc6 29. f3 Qb6 30. Qxb4 Qa7 31. Kf1 a5 32. Qc5 Qa6+ 33. Kf2 Rc8 34. Qd6 Rxc2+ 35. Rd2 Qxd6 36. Nxd6 Rxd2+ 37. Kf1 Rxd6 38. Rc1 f6 39. Rc5 0-1

[Event "EU-chT (Women)"]
[Site "Leon"]
[Date "2001.11.07"]
[Round "2.2"]
[White "Horvath, Maria"]
[Black "Trajkovska, Sanja"]
[Result "1/2-1/2"]
[WhiteElo "2042"]
[BlackElo "2040"]
[PlyCount "49"]
[EventDate "2001.11.06"]
[EventType "team-swiss"]
[EventRounds "9"]
[EventCountry "ESP"]
[SourceTitle "EXT 2002"]
[Source "ChessBase"]
[SourceDate "2001.11.25"]
[SourceVersion "1"]
[SourceVersionDate "2001.11.25"]
[SourceQuality "1"]
[WhiteTeam "Austria (W)"]
[BlackTeam "Macedonia (W)"]
[WhiteTeamCountry "AUT"]
[BlackTeamCountry "MKD"]

1. d4 d5 2. c4 e6 3. Nc3 Nf6 4. cxd5 exd5 5. Bg5 Be7 6. e3 c6 7. Qc2 0-0 8. Bd3 Nbd7 9. Nf3 Re8 10. 0-0 Nf8 11. Rab1 g6 12. b4 a6 13. a4 Ne6 14. Bh4 a5 15. b5 c5 16. dxc5 Nxc5 17. Rbd1 Be6 18. Bc4 Ncd7 19. Nxd5 Rc8 20. Bxf6 Bxf6 21. Qe2 Bg7 22. Ba2 Nc5 23. Nf4 Qe7 24. Bxe6 Nxe6 25. Nd5 1/2-1/2